[Event "9th A. Margaryan Memorial 2019"]
[Site "Yerevan"]
[Date "2019.01.16"]
[Round "9"]
[White "Barseghyan, Armen Ar."]
[Black "Davtyan, Artur"]
[Result "0-1"]
[WhiteElo "2380"]
[BlackElo "2396"]
[Annotator "NA"]
[PlyCount "196"]
[EventDate "2019.01.08"]
[EventType "tourn"]
[EventCountry "ARM"]
[SourceTitle "playchess.com"]
[Source "ChessBase"]
[SourceQuality "1"]
[TimeControl "40/5400+30:1800+30"]

1. e4 {[%emt 0:00:00]} e5 {[%emt 0:00:33]} 2. Nf3 {[%emt 0:00:00]} Nc6 {[%emt 0:00:04]} 3. d4 {[%emt 0:00:03]} exd4 {[%emt 0:00:04]} 4. Nxd4 {[%emt 0:00:08]} Bc5 {[%emt 0:00:05]} 5. Nb3 {[%emt 0:00:28]} Bb6 {[%emt 0:00:02]} 6. Nc3 {[%emt 0:00:16]} Nf6 {[%emt 0:00:05]} 7. Qe2 {[%emt 0:00:23] C45: Scotch Game} O-O {[%emt 0:00:10]} 8. Bg5 {[%emt 0:00:24]} h6 {[%emt 0:00:01]} 9. Bh4 {[%emt 0:00:12]} a5 {[%emt 0:00:05]} 10. a4 {[%emt 0:00:53]} Nd4 {[%emt 0:00:37]} 11. Qd3 {[%emt 0:00:42]} Nxb3 {[%emt 0:02:25]} 12. cxb3 {[%emt 0:00:08]} c6 {[%emt 0:00:28]} 13. O-O-O {[#]} g5 $146 {[%emt 0:02:38]} ({Predecessor:} 13... d5 14. exd5 cxd5 15. Bxf6 Qxf6 16. Nxd5 Qxf2 {½-½ (72) Vitiugov,N (2730)-Oparin,G (2609) Linares 2018}) 14. Bg3 {[%emt 0:04:55]} d5 {[%emt 0:00:01]} 15. Qc2 {[%emt 0:02:10]} Be6 {[%emt 0:22:16]} 16. Kb1 {[%emt 0:07:08]} Qe7 {[%emt 0:11:59]} 17. f3 {[%emt 0:05:39]} Rad8 {[%emt 0:05:51]} 18. e5 {[%emt 0:04:15]} Nh5 {[%emt 0:02:52]} 19. Bd3 {[%emt 0:03:58]} f6 {[%emt 0:12:49]} 20. Bg6 {[%emt 0:06:12]} (20. Ne2 $11 {keeps the balance.}) 20... Nf4 {[%emt 0:09:01]} 21. Bxf4 {[%emt 0:34:08]} gxf4 {[%emt 0:00:03]} 22. exf6 {[%emt 0:00:27]} Qxf6 {[%emt 0:00:11]} 23. g4 {[%emt 0:00:37]} Kg7 {[%emt 0:12:49]} 24. Bd3 {[%emt 0:11:30] [#]} h5 $1 {[%emt 0:00:01]} 25. gxh5 {[%emt 0:01:49]} Kh6 {[%emt 0:02:45]} 26. Rde1 {[%emt 0:08:27]} Kxh5 27. Nd1 Bf5 {[%emt 0:12:28]} 28. Bxf5 {[%emt 0:01:15]} Qxf5 {[%emt 0:00:02]} 29. Re7 {[%emt 0:00:05]} Qxc2+ {[%emt 0:02:07]} 30. Kxc2 {[%emt 0:00:01]} Rb8 $1 {[%emt 0:00:58]} 31. Rhe1 {[%emt 0:01:02]} Kg6 {[%emt 0:00:02]} (31... Bc5 $5 {[%cal Rc5e7]} 32. R7e6 Rg8 $15) 32. R1e2 {[%emt 0:06:25]} Rf7 {[%emt 0:00:36]} 33. R7e6+ {[%emt 0:00:19]} Rf6 34. Re7 Bc5 {[%emt 0:02:02]} 35. Rg2+ {[%emt 0:00:59]} Kf5 {[%emt 0:00:01]} 36. Reg7 {[%emt 0:01:08]} Re8 {[%emt 0:00:34]} 37. Rxb7 {[%emt 0:01:45]} Re1 $1 {[%emt 0:00:01]} 38. h4 {[%emt 0:00:36]} Rf1 $1 {[%emt 0:00:39]} 39. Rg5+ {[%emt 0:00:31]} Ke6 {[%emt 0:00:00]} 40. Rc7 {[%emt 0:00:00]} Kd6 {[%emt 0:00:00]} 41. Rgg7 {[%emt 0:06:25]} Rxf3 42. Rge7 Bb4 {[%emt 0:07:15]} 43. h5 {[%emt 0:16:52]} Rf1 {[%emt 0:06:36]} 44. Rcd7+ {[%emt 0:03:51]} Kc5 {[%emt 0:00:02]} 45. Rf7 {[%emt 0:00:00]} Re6 {[%emt 0:12:10]} 46. Rde7 Re4 {[%emt 0:02:42]} 47. h6 {[%emt 0:01:52]} f3 {[%emt 0:00:16]} 48. Rxe4 {[%emt 0:02:32]} dxe4 {[%emt 0:00:04]} 49. h7 {[%emt 0:03:24]} Rh1 {[%emt 0:00:24]} 50. Nf2 {[%emt 0:00:21]} Rh2 {[%emt 0:00:52]} 51. h8=Q {[%emt 0:00:24]} Rxh8 {[%emt 0:01:04]} 52. Nxe4+ {[%emt 0:00:47]} Kd5 {[%emt 0:00:29]} 53. Ng3 {[%emt 0:00:31]} Rh2+ {[%emt 0:00:45]} 54. Kb1 {[%emt 0:00:32]} Rf2 {[%emt 0:00:25]} 55. Rf5+ {[%emt 0:00:18]} Kd4 {[%emt 0:00:58]} 56. Rf6 {[%emt 0:00:40]} c5 {[%emt 0:03:50]} 57. Rf7 {[%emt 0:00:17]} Ke3 58. Nf5+ {[%emt 0:00:23]} Kd3 {[%emt 0:00:52]} 59. Ng3 {[%emt 0:00:51]} Bd2 {[%emt 0:00:53]} 60. Rd7+ {[%emt 0:00:29]} Ke3 {[%emt 0:01:41]} 61. Rf7 Rg2 {[%emt 0:00:00]} 62. Nf1+ {[%emt 0:00:36]} Ke4 {[%emt 0:00:01]} 63. Re7+ {[%emt 0:00:44]} Kf4 {[%emt 0:00:13]} 64. Rf7+ {[%emt 0:00:20]} Kg4 {[%emt 0:00:23]} 65. Kc2 {[%emt 0:00:50]} Bg5+ {[%emt 0:01:28]} 66. Kd3 {[%emt 0:00:23]} Rxb2 {[%emt 0:00:12]} 67. Ke4 {[%emt 0:00:09]} Re2+ {[%emt 0:00:52]} 68. Kd3 {[%emt 0:00:43]} Re1 {[%emt 0:00:01]} 69. Nh2+ Kg3 {[%emt 0:00:01]} 70. Nxf3 {[%emt 0:00:59]} Re3+ {[%emt 0:00:08]} 71. Kc4 {[%emt 0:00:00]} Rxf3 {[%emt 0:01:47]} 72. Rg7 {[%emt 0:01:01]} Kg4 {[%emt 0:00:35]} 73. Rb7 {[%emt 0:00:34]} Bd2 {[%emt 0:01:03]} 74. Kxc5 {[%emt 0:00:26]} Rc3+ 75. Kd4 Rc1 {[%emt 0:01:22]} 76. Rg7+ {[%emt 0:01:12]} Kf3 {[%emt 0:00:01]} 77. Rh7 {[%emt 0:00:32]} Bc3+ {[%emt 0:00:01]} 78. Kd5 {[%emt 0:00:17]} (78. Kd3 $142 Bb4 79. Kd4) 78... Bb4 {[%emt 0:00:00]} 79. Rh3+ {[%emt 0:00:45]} Kg4 {[%emt 0:00:00]} 80. Rh2 {[%emt 0:00:19]} Rc3 {[%emt 0:00:12]} 81. Rb2 {[%emt 0:00:49]} Kf4 82. Kd4 {[%emt 0:00:50]} Kf3 {[%emt 0:00:36]} 83. Rh2 {[%emt 0:00:15]} Kg3 {[%emt 0:00:17]} 84. Rb2 {[%emt 0:00:04]} Kf4 {[%emt 0:00:02]} 85. Rb1 {[%emt 0:00:22]} Rf3 {[%emt 0:00:09]} 86. Kc4 {[%emt 0:00:54]} Ke4 87. Rb2 {[%emt 0:00:01]} Rc3+ {[%emt 0:00:13]} 88. Kb5 {[%emt 0:00:15]} Kd3 89. Rh2 Rxb3 {[%emt 0:00:13]} 90. Ka6 {[%emt 0:01:46]} Kc3 {[%emt 0:00:15]} 91. Rh5 {[%emt 0:01:07]} Kb2 {[%emt 0:00:05]} 92. Kb5 {[%emt 0:00:34]} Rc3 {[%emt 0:00:31]} 93. Rg5 {[%emt 0:00:31]} Kb3 {[%emt 0:00:02]} 94. Rh5 {[%emt 0:00:06]} Re3 {[%emt 0:00:03]} 95. Rf5 {[%emt 0:00:22]} Bc3 {[%emt 0:00:01]} 96. Rh5 {[%emt 0:00:18]} Re4 {[%emt 0:00:13]} 97. Rc5 {[%emt 0:00:20]} Rf4 {[%emt 0:00:13]} 98. Rc6 {[%emt 0:01:24]} Rf5+ {[%emt 0:00:04]} 0-1

[Event "9th A. Margaryan Memorial 2019"]
[Site "Yerevan"]
[Date "2019.01.16"]
[Round "9"]
[White "Sargsyan, Anna M."]
[Black "Mikaelyan, Arman"]
[Result "0-1"]
[WhiteElo "2339"]
[BlackElo "2474"]
[Annotator "TA"]
[PlyCount "66"]
[EventDate "2019.01.08"]
[EventType "tourn"]
[EventCountry "ARM"]
[SourceTitle "playchess.com"]
[Source "ChessBase"]
[SourceQuality "1"]

{[%evp 16,66,8,0,17,-30,-20,-18,-12,-12,0,-64,-43,-60,-45,-47,-20,-22,-18,-18,-10,-64,-75,-63,-52,-72,-72,-76,-85,-90,-94,-111,-100,-127,-96,-104,-95,-129,-115,-176,-175,-191,-140,-147,-150,-222,-228,-211,-257,-270,-279,-364,-400]} 1. d4 g6 2. e4 Bg7 3. Nf3 d6 4. c3 Nf6 5. Bd3 O-O 6. O-O Nc6 7. b4 a6 8. Nbd2 e5 {B07: Pirc Defence: Miscellaneous Systems} 9. dxe5 {LiveBook: 3 Games} Ng4 (9... dxe5 {is more complex.} 10. Nc4 Nh5 11. Ne3 Nf4 12. Bc4 Be6) 10. Bb2 Ngxe5 {Black has an edge.} 11. Nxe5 Nxe5 12. Be2 d5 $146 ({Predecessor:} 12... Bd7 13. a4 Qe8 14. f4 Nc6 15. Qc2 Qe7 16. Rae1 {1-0 (35) Bus,M (2415)-Skousen,N (2245) Copenhagen 1991}) 13. Re1 (13. f4 $11 Nc6 14. Qc1) 13... dxe4 $15 14. Nxe4 Bf5 15. Ng3 Be6 16. Qc2 Qh4 17. c4 Rad8 18. Bxe5 ({Better is} 18. Rab1 $11) 18... Bxe5 19. Rad1 c6 20. a3 Rxd1 $40 {[%mdl 128] White is in trouble.} 21. Rxd1 Rd8 22. Rxd8+ Qxd8 23. b5 Qa5 24. Qe4 Qc3 25. bxc6 bxc6 26. Nf1 c5 27. h4 {[#]} (27. Ne3 $17 {was necessary.}) 27... h5 $1 $19 28. Ne3 Qe1+ (28... Qa1+ $19 29. Bf1 Kg7) 29. Bf1 $17 Bd4 {aiming for ...Bxc4!} 30. Qf3 (30. Qd3 $17 {keeps fighting.}) 30... Qc1 $19 31. Nd5 Kg7 32. Ne3 a5 33. a4 Bxe3 {Precision: White = 22%, Black = 65%.} 0-1

[Event "9th A. Margaryan Memorial 2019"]
[Site "Yerevan"]
[Date "2019.01.16"]
[Round "9"]
[White "Sargsyan, Tigran R."]
[Black "Petriashvili, Nikoloz"]
[Result "1/2-1/2"]
[WhiteElo "2332"]
[BlackElo "2479"]
[Annotator "TA"]
[PlyCount "162"]
[EventDate "2019.01.08"]
[EventType "tourn"]
[EventCountry "ARM"]
[SourceTitle "playchess.com"]
[Source "ChessBase"]
[SourceQuality "1"]

{[%evp 23,162,38,25,12,49,47,81,55,50,55,53,52,52,52,64,50,57,58,70,72,58,47,47,36,47,0,39,33,31,38,52,57,67,50,48,12,25,29,32,0,35,25,25,0,48,58,113,114,125,123,130,124,133,133,135,131,153,148,153,146,153,153,154,153,141,143,154,162,153,133,225,227,235,203,336,319,395,275,574,574,414,439,439,312,1234,1219,1085,1231,1213,183,943,0,891,816,1218,1183,1161,1096,1139,1087,994,956,932,228,228,228,228,228,141,0,0,0,0,0,0,0,0,0,0,0,0,0,0,0,0,0,0,0,0,0,0,0,0,0,0,0,0,0,0,0,0]} 1. d4 d5 2. c4 c6 3. Nc3 Nf6 4. e3 g6 5. Nf3 Bg7 6. Be2 O-O 7. O-O Bg4 8. cxd5 cxd5 9. Qb3 b6 10. h3 Bc8 {D94: Grünfeld: 4 Nf3 Bg7 5 e3} 11. Bd2 Bb7 12. Rfc1 Nc6 {LiveBook: 5 Games. White is slightly better.} 13. Be1 {[#]} Na5 $146 ({Predecessor:} 13... e6 14. Qa4 a6 15. Qd1 b5 16. a4 b4 17. Nb1 Ne4 18. Nbd2 Nxd2 19. Bxd2 {½-½ (55) Papaioannou,I (2643)-Harikrishna,P (2726) Porto Rio 2014}) 14. Qa4 a6 15. Nd1 Nc4 16. Bxc4 dxc4 17. Qxc4 Bxf3 18. gxf3 Qd7 19. Qf1 Nd5 20. f4 e6 21. Nc3 Rfc8 22. Bd2 Ne7 23. Qe2 Qb7 24. Qf1 Rc6 25. Qg2 Rac8 26. Ne2 Rxc1+ 27. Rxc1 Rxc1+ 28. Bxc1 Qc8 29. Nc3 Nf5 30. Bd2 Nh4 31. Qg4 Nf5 32. Kh2 b5 33. Qd1 Qc4 34. b3 $36 {[%mdl 2048] White is pushing.} Qd3 (34... Qc7 $14) 35. Be1 $16 Qxd1 36. Nxd1 {[%mdl 4096] Endgame KBN-KBN} Bf8 37. Nb2 Bd6 38. Kg2 Ne7 39. Nd3 Nd5 40. Bd2 f5 41. f3 Nf6 42. Kf2 Kf7 43. Ke2 Nd7 44. e4 h6 45. Bb4 Bc7 46. Ke3 g5 {[#]} (46... Ke8 $16 47. Bd2 Ke7) 47. fxg5 $1 $18 hxg5 48. Bc3 Kg6 (48... Bb6 $142 49. b4 fxe4) 49. Nc5 Nxc5 50. dxc5 {KB-KB} f4+ $2 (50... e5 51. exf5+ Kxf5) 51. Kd4 Kf6 52. c6 Bb6+ 53. Kd3+ e5 $2 (53... Kf7 54. Bh8 (54. Be5 Ke7 $18) 54... Bc7) 54. Bb4 Ke6 55. a4 Bc7 56. Kc3 $2 (56. axb5 axb5 57. Bc5) 56... Bb6 $2 (56... Bd6 57. axb5 axb5) 57. Kd3 Bc7 $1 58. Ke2 Bb6 59. Kf1 Bc7 60. Kg2 Bb6 61. Bf8 Bc7 62. Bc5 Bd8 63. h4 $2 (63. axb5 axb5 64. Kf1) 63... bxa4 64. bxa4 gxh4 65. Kh3 Bg5 66. c7 (66. Kg4 $16 Bd8 67. Ba3) 66... Kd7 $11 {The position is equal.} 67. Bd6 Bf6 68. Kg4 Kc8 69. Kh3 Kd7 70. Kg4 Kc8 71. Kh3 Kd7 72. Kg4 Kc8 73. Bc5 Kxc7 74. Bf2 Kc6 75. Bg1 Be7 {[#] aiming for ...Bc5.} 76. Bf2 Bd8 77. Kh3 Bf6 78. Kg4 Bd8 79. Kh3 $1 Bf6 80. Kg4 Be7 81. Kh3 Bf6 {Accuracy: White = 73%, Black = 38%.} 1/2-1/2